Statistics for Countries By Orthographic Projection 2

Click here to take the quiz!

General Stats

  • This quiz has been taken 33 times
  • The average score is 6 of 6

Answer Stats

Answer% Correct
Bhutan
100%
Suriname
97%
Iceland
97%
Costa Rica
94%
Mali
94%
Micronesia
94%

Score Distribution

Percentile by Number Answered

Percent of People with Each Score

Your Score History

You have not taken this quiz